Pays où Papaoutai de Stromae s'est classé dans les charts - Statistiques

Statistiques générales
  • Ce quiz a été pris 38 fois
  • Le résultat moyen est 15 sur 20
Statistiques - réponses
Position dans les charts Pays % Correct
1 France
100%
25 (Billboard Dance/electronic songs) États Unis
97%
6 Allemagne
94%
1 Belgique
94%
36 Espagne
94%
70 Canada
92%
10 Italie
92%
2 Pays Bas
86%
4 Suisse
86%
2 Luxembourg
83%
3 Russie
81%
3 Autriche
64%
26 Slovaquie
61%
29 Hongrie
58%
13 Ukraine
58%
4 Finlande
53%
83 Roumanie
53%
15 Tchéquie
50%
8 Israel
33%
15 Liban
19%
Aucun quiz correspondant
Distribution des résultats
% des personnes avec chaque résultat
Percentile par nombre de réponses
Votre historique - résultats
Vous n’avez pas pris ce quiz